MDQL
is popping MORE tags! Check the
thread
!
Quizzes
Events
Quiz Creation
Community
Videos
Private Events
Remove Ads
Sign In
Join for FREE
Feedback
Dark Mode
Quiz Categories
Sports
Geography
Music
Movies
Television
Just For Fun
Miscellaneous
History
Literature
Language
Science
Gaming
Entertainment
Religion
Holiday
For Kids
Quiz Lab
Recent
Popular Today
Quiz Kudos Today
Editor Picks
Curator Picks
Quizzes by...
Day
Popularity
Type
Ratings
Length
Year
Community
Subscriptions
Recent Discussions
Orange Saloon
Badges
Playlists
Quests
Create
Leaderboards
Showdown
Live 5
Trivia Bingo
Activity
Puzzle Library
Sporcle Events
Private Events
Virtual Trivia
Globe League
Become a Host
Pub Owners
SporcleCon
Opinionation
Our Games
Videos
Blog
Mobile Apps
Partnerships
Remove Ads and Go Orange
Feedback
Science
Computer
Plants
Astronomy
Chemistry
Elements
Math
Animal
Physics
Anatomy
Biology
Geology
General Science
Science
Computer
Plants
Astronomy
Chemistry
Elements
Math
Animal
Physics
Anatomy
Biology
Geology
General Science
Random Quiz
Search Sporcle
×
Quiz Lab
Quiz Lab
Science
State
Type in answers that appear in a list
Type in answers that appear in a list
Classic
Best Score? Go Orange.
Major Downtown areas struck by tornadoes Stats
Can you name the Major Downtown Areas (Metros over 500k) struck by tornadoes ?
By
bcase257
5m
32 Questions
575 Plays
575 Plays
575 Plays
Comments
Comments
Give Quiz Kudos
Give Quiz Kudos
-
- Ratings
hide this ad
Replay
Link that replays current quiz
Next Quiz
Link to next quiz in quiz playlist
You Got
0%
They Got
Avg Score
75%
Avg Friend Score
Upgrade to see
Score Distribution
Jump to the score distribution portion of the page
Score
0/32
Timer
05:00
0
Plays Today
State
City
% Correct
FL
Miami
88.7%
TX
Dallas
88%
CO
Denver
87.1%
GA
Atlanta
86.8%
AL
Birmingham
85.4%
IL
Chicago
85.4%
AR
Little Rock
85.2%
TX
Houston
83.1%
MO
St. Louis
82.8%
MO
Kansas City
82.4%
LA
New Orleans
82.1%
IN
Indianapolis
80.5%
CA
Los Angeles
79.8%
UT
Salt Lake City
78.4%
IA
Des Moines
77.4%
MI
Detroit
77.4%
State
City
% Correct
TX
San Antonio
76.9%
TN
Nashville
76.9%
KY
Louisville
75.7%
WA
Seattle
75.7%
DC
Washington D.C.
75.5%
NE
Omaha
74.6%
KS
Topeka
74.3%
PA
Philadelphia
73.9%
FL
Jacksonville
71.7%
VA
Richmond
68.5%
SC
Charleston
68.3%
TX
Fort Worth
65%
LA
Shreveport
57.6%
TX
Lubbock
51.8%
NC
Greensboro
45%
TX
Waco
45%
Quiz Playlist
Details
Report
Send in Message
Add To Playlist
Classic:
Type in answers that appear in a list
Last Updated: Feb 16, 2017
Quiz Scoreboard
CHALLENGE
Sign Up to Join the Scoreboard
Show All
Scores
Hide
Comments
May contain spoilers
Recently Published
5x2 Blitz: Bands
by SL_Kpop136
Music
30s
Colored Red Africa Blitz
by spor1
Geography
30s
Find the 'City' Movie
by crazypaving
Movies
60s
More to Explore
Quiz From the Vault
Featured Blog Post
14 Easter Pick-up Lines to Find Eggs With
hide this ad
You Might Also Like...
Tags
City Quiz
State Quiz
500k
area
Areas Metros
Downtown
major
Max
retro
strength
struck
Tornado
Today's Top Quizzes in Science
Browse Science
hide this ad
Today's Top Quizzes in State
Browse State
Top Contributed Quizzes in Science
1
Glycolysis
2
'C' Flowers II
3
Sorting Squares: Animals by Continent
4
Square Numbers Scrambled (1-50)
5
Amino Acid Groups
6
Get the Picture: Gas Welding Flames
7
Medical Terminology Roots
8
ϛoRͲ1nℊ Blitz: Common Stuff
9
Glycolysis - Substrates (fill in the blank)
10
Call A Doctor! Ailments 7-to-1
Explore More
Trending Topics
Kpop
Harry Potter
Anime
Marvel
NBA
Disney
Crossword
Song
WWE
Puzzle
The Office
Soccer
Pokémon
NFL
Country
hide this ad
More By:
bcase257
Quiz
Plays
Rating
Category
Featured
Created
Major Downtown areas struck by tornadoes
575
1.67
Science
Nov 28, 2009
Deadliest US Tornadoes
177
1.00
Science
Nov 19, 2009
Costliest US Tornadoes
103
Science
Nov 19, 2009
Go to Creator's Profile
Score Distribution
Quiz Creator Spotlight
bcase257
Follow
Send a Message
Quizzes Created
-
Created Quiz Play Count
-
More By This Creator
Popular Quizzes Today
1
Find the 'City' Movie
2
5x2 Blitz: Bands
3
Colored Red Africa Blitz
4
Find the US States - No Outlines Minefield
5
The Countries of the World
6
Find the US States
7
9x9 Crossword: Cartoon Network
8
US States
More Science Quizzes
Elements Not Ending in 'M' or 'N'
Published
Trending Quizzes
Colored Red Europe Blitz I
Colored Red Africa Blitz II
Colored Red Europe Blitz III
Colored Red Europe Blitz II
Colored Red Africa Blitz III
Recently Updated
Champions League XIs: Real Madrid
pecheneg
Largest US Cities 1790-2010
pecheneg
Rides in Walt Disney World
pecheneg
Most Oscar Losses (Acting)
pecheneg
Beyoncé Albums
pecheneg
Leaping Animals
pecheneg
Reality TV Shows (A-Z)
bhenderson79
Rickey Henderson's Hall of Fame Teammates
pecheneg
Champions League XIs: Arsenal
pecheneg
Quick Pick: Celebrities in WWE's Hall of Fame
aduchscher
Trending Topics
Anime
Marvel
Crossword
Disney
Kpop
NBA
Harry Potter
Pokémon
NFL
Country
The Office
WWE
Soccer
Puzzle
Song
Your Account Isn't Verified!
In order to create a playlist on Sporcle, you need to verify the email address you used during registration. Go to your
Sporcle Settings
to finish the process.
Report this User
Report this user for behavior that violates our
Community Guidelines
.
Details:
Send Report
Go to the Sporcle.com Mobile Site →
Comments